000 00682nam a2200241Ia 4500
005 20260429112108.0
008 260429s9999||||xx |||||||||||||| ||und||
020 _a9781319546540
041 _aEnglish
082 _a302
_bGRE
100 _aGreenberg, Jeff
245 0 _aSocial psychology :
_bthe science of everyday life prejudice and discrimination and digital update /
_cJeff Greenberg
250 _a3rd ed.
260 _aNew York :
_bWorth Publishers,
_c2024.
300 _axxvii, 693 p.; pbk
650 _a Digital
650 _a Social
650 _aPsychology
700 _a Arndt, Jamie
700 _a Landau, Mark
700 _a Schmader, Toni
942 _cTB
999 _c52327
_d52327